Normal view
MARC view
- MS-MECH-18
Entry Topical Term
001 - CONTROL NUMBER
- control field: 88292
003 - CONTROL NUMBER IDENTIFIER
- control field: NUST
005 - DATE AND TIME OF LATEST TRANSACTION
- control field: 20220112111249.0
008 - FIXED-LENGTH DATA ELEMENTS
- fixed length control field: 220112|| aca||aabn | a|a d
040 ## - CATALOGING SOURCE
- Original cataloging agency: NUST
- Transcribing agency: NUST
150 ## - HEADING--TOPICAL TERM
- Topical term or geographic name entry element: MS-MECH-18
670 ## - SOURCE DATA FOUND
- Source citation: Work cat.: (NUST)587567: Saad Bin Sarfraz 88290, TH-SOF-1945-Characterization of Spark Plasma Sintered SiAlONTiCN Nano Composites, 2021
